| 000 | 00617 a2200205 4500 | ||
|---|---|---|---|
| 003 | Nust | ||
| 005 | 20170207153209.0 | ||
| 010 | _a 81011512 | ||
| 020 | _a0471058505 | ||
| 040 | _cNust | ||
| 082 | 0 | 0 | _a519.536 |
| 100 | 1 | _aMontgomery, Douglas C. | |
| 245 | 1 | 0 |
_aIntroduction to linear regression analysis / _cDouglas C. Montgomery, Elizabeth A. Peck. |
| 260 |
_aNew York : _bWiley, _cc1982. |
||
| 300 |
_axiii, 504 p. : _bill. ; _c24 cm. |
||
| 440 | 0 | _aWiley series in probability and mathematical statistics. | |
| 500 | _aIncludes indexes. | ||
| 650 | 0 | _aRegression analysis. | |
| 700 | 1 |
_aPeck, Elizabeth A., _d1953- |
|
| 942 |
_2ddc _cBK |
||
| 999 |
_c181298 _d181298 |
||